Diet and breast cancer /

Comprendiendo estudios previos que han relacionado al cáncer de seno y las costumbres de alimentación, se analiza mediante diversas pruebas, la asociación entre la dieta y el cáncer de seno, realizando una evaluación de la dieta durante la vida temprana, periodo que se considera de gran importancia....

Πλήρης περιγραφή

Αποθηκεύτηκε σε:
Λεπτομέρειες βιβλιογραφικής εγγραφής
Κύριος συγγραφέας: Romieu, Isabelle
Μορφή: Κείμενο
Θέματα:
Ετικέτες: Προσθήκη ετικέτας
Δεν υπάρχουν, Καταχωρήστε ετικέτα πρώτοι!

MARC

LEADER 00000 a a2200000 04500
001 44607
003
040
100 |a Romieu, Isabelle  
245 |a Diet and breast cancer /  |c Isabelle Romieu  
500 |a romieui@iar.fr  
520 |a Comprendiendo estudios previos que han relacionado al cáncer de seno y las costumbres de alimentación, se analiza mediante diversas pruebas, la asociación entre la dieta y el cáncer de seno, realizando una evaluación de la dieta durante la vida temprana, periodo que se considera de gran importancia. Se concluye señalando que a pesar de que son pocos los estudios que indican una relación entre la dieta y la incidencia del cáncer de seno.  
590 |a KSR/JINIO2013  
650 |a 1.CANCER  
650 |a 2.CONSUMO DE ALIMENTOS  
650 |a 3.EPIDEMIOLOGIA  
650 |a 4.SALUD PUBLICA  
773 |g volumen53, número5 ( , 2011), páginas 430-439  
999 |c 29853  |d 29853